[Event "FIDE Grand Swiss"]
[Site "Douglas"]
[Date "2023.10.27"]
[Round "3"]
[White "Kollars, Dmitrij"]
[Black "Vidit, Santosh Gujrathi"]
[Result "0-1"]
[WhiteElo "2633"]
[BlackElo "2716"]
[PlyCount "112"]
[EventDate "2023.10.25"]
[EventType "swiss"]
[EventRounds "11"]
[EventCountry "IOM"]
[SourceTitle "Mega2024 Update 01"]
[Source "Chessbase"]
[SourceDate "2023.11.12"]
[SourceVersion "1"]
[SourceVersionDate "2023.11.12"]
[SourceQuality "1"]

1. e4 c5 2. c3 d5 3. exd5 Qxd5 4. d4 g6 5. Nf3 Bg7 6. Nbd2 cxd4 7. Bc4 Qc5 8. cxd4 Qc7 9. 0-0 Nf6 10. Ne5 0-0 11. Ndf3 Nc6 12. Nxc6 bxc6 13. Re1 Bg4 14. h3 Bxf3 15. Qxf3 Rad8 16. Bf4 Qb7 17. Be5 Nd5 18. b3 e6 19. Rac1 Ne7 20. Bd3 Qb4 21. Re2 Bxe5 22. Rc4 Qb6 23. dxe5 Rd4 24. Re4 Rfd8 25. Rcxd4 Rxd4 26. g3 Qd8 27. Re3 Nd5 28. Re4 Nc3 29. Rxd4 Qxd4 30. Bf1 c5 31. a4 Nd5 32. Qe2 Nb4 33. Qf3 Nd5 34. Qe2 Nc3 35. Qf3 h5 36. h4 Nd5 37. Qe2 Ne7 38. Qf3 Nf5 39. Bd3 Nh6 40. Qe4 Qc3 41. Be2 Qxb3 42. Qa8+ Kg7 43. Qxa7 c4 44. Qd4 c3 45. Qd3 Qb2 46. Bd1 Ng4 47. Bc2 Qb6 48. Qe2 Qc5 49. Kg2 Nxe5 50. Qb5 Qd4 51. a5 Ng4 52. Qb6 Qd2 53. Be4 c2 54. Bxc2 Qxc2 55. a6 Nxf2 56. Qd4+ e5 0-1

[Event "FIDE Grand Swiss"]
[Site "Douglas"]
[Date "2023.10.25"]
[Round "1"]
[White "Kollars, Dmitrij"]
[Black "Yu, Yangyi"]
[Result "0-1"]
[WhiteElo "2633"]
[BlackElo "2720"]
[PlyCount "94"]
[EventDate "2023.10.25"]
[EventType "swiss"]
[EventRounds "11"]
[EventCountry "IOM"]
[SourceTitle "Mega2024 Update 01"]
[Source "Chessbase"]
[SourceDate "2023.11.12"]
[SourceVersion "1"]
[SourceVersionDate "2023.11.12"]
[SourceQuality "1"]

1. e4 c5 2. Nf3 e6 3. d4 cxd4 4. Nxd4 a6 5. Bd3 Bc5 6. Nb3 Ba7 7. Qe2 Ne7 8. Be3 0-0 9. Nc3 b5 10. 0-0-0 b4 11. Na4 d6 12. e5 Nd5 13. exd6 Qxd6 14. Be4 Nd7 15. Bxd5 exd5 16. Bxa7 Rxa7 17. Qe3 Rc7 18. Nd4 Ne5 19. Rhe1 f6 20. b3 Bd7 21. Nb2 Rc3 22. Qd2 Rfc8 23. Kb1 a5 24. f4 Nf7 25. g3 h5 26. Re3 Qc5 27. Qe1 Rxe3 28. Qxe3 Re8 29. Nd3 Qc3 30. Qf2 Nd6 31. Ne2 Qc7 32. Re1 Bg4 33. Ng1 Rc8 34. Rc1 Nb5 35. Qd2 Qb6 36. Qf2 Qc6 37. Qd2 d4 38. a4 Nc3+ 39. Kb2 Bf5 40. Ne1 Rd8 41. Nd3 Re8 42. Nf2 Ne4 43. Nxe4 Rxe4 44. Ka2 Qc3 45. Qd1 Bg4 46. Qf1 Re3 47. h3 Be6 0-1

[Event "Bundesliga 2324"]
[Site "Germany"]
[Date "2023.10.21"]
[Round "1.4"]
[White "Kollars, Dmitrij"]
[Black "Feygin, Michael"]
[Result "1-0"]
[WhiteElo "2633"]
[BlackElo "2470"]
[PlyCount "71"]
[EventDate "2023.10.21"]
[EventType "team-tourn"]
[EventRounds "15"]
[EventCountry "GER"]
[SourceTitle "Mega2024 Update 01"]
[Source "Chessbase"]
[SourceDate "2023.11.12"]
[SourceVersion "1"]
[SourceVersionDate "2023.11.12"]
[SourceQuality "1"]
[WhiteTeam "Deizisau"]
[BlackTeam "Muelheim Nord"]
[WhiteTeamCountry "GER"]
[BlackTeamCountry "GER"]

1. e4 d5 2. exd5 Qxd5 3. Nc3 Qd6 4. d4 c6 5. Nf3 Nf6 6. Ne5 Be6 7. Be2 g6 8. Bf4 Qd8 9. Qd2 Bg7 10. 0-0 0-0 11. a4 Nbd7 12. a5 Rc8 13. Rfd1 Nd5 14. Nxd5 cxd5 15. c3 f6 16. Nd3 Re8 17. a6 b6 18. Nb4 Nf8 19. Re1 Qd7 20. h4 Bf7 21. Bg3 e5 22. dxe5 fxe5 23. Rad1 d4 24. cxd4 exd4 25. Bf3 Rc5 26. Nd3 Ra5 27. Rxe8 Qxe8 28. Bb7 Nd7 29. Re1 Qf8 30. Nb4 Nc5 31. Nc6 Ra2 32. Ne5 Bb3 33. Qxd4 Kh8 34. Bd5 Ra4 35. Qd2 Bh6 36. Qc3 1-0

[Event "CRO-chT1A 31st"]
[Site "Veli Losinj"]
[Date "2023.10.17"]
[Round "7.1"]
[White "Kollars, Dmitrij"]
[Black "Maksimovic, Bojan"]
[Result "1-0"]
[WhiteElo "2633"]
[BlackElo "2502"]
[PlyCount "77"]
[EventDate "2023.10.11"]
[EventType "team-tourn"]
[EventRounds "7"]
[EventCountry "CRO"]
[SourceTitle "Mega2024 Update 01"]
[Source "Chessbase"]
[SourceDate "2023.11.12"]
[SourceVersion "1"]
[SourceVersionDate "2023.11.12"]
[SourceQuality "1"]
[WhiteTeam "Split Mornar"]
[BlackTeam "Sveta Nedelja"]
[WhiteTeamCountry "CRO"]
[BlackTeamCountry "CRO"]

1. e4 c5 2. Nf3 Nc6 3. Bb5 e6 4. 0-0 Nge7 5. d4 cxd4 6. Nxd4 Ng6 7. Be3 Be7 8. c3 0-0 9. Nd2 a6 10. Be2 d6 11. g3 Bd7 12. h4 Re8 13. h5 Nf8 14. a4 h6 15. N4b3 d5 16. a5 Nh7 17. f4 dxe4 18. Nxe4 Qc8 19. Nbd2 f5 20. Nc4 fxe4 21. Nb6 Qc7 22. Qxd7 Qxd7 23. Nxd7 Nf6 24. Nxf6+ Bxf6 25. Ra4 Rad8 26. g4 Rd5 27. Rfa1 Bd8 28. Rxe4 Rxa5 29. Rxa5 Bxa5 30. Bc4 Kf7 31. f5 Kf6 32. fxe6 Bc7 33. Bd5 Be5 34. Bf2 g5 35. hxg6 Bd6 36. e7 Ne5 37. Bxb7 Kxg6 38. Bxa6 Rxe7 39. Be2 1-0

[Event "CRO-chT1A 31st"]
[Site "Veli Losinj"]
[Date "2023.10.16"]
[Round "6.1"]
[White "Aczel, Gergely"]
[Black "Kollars, Dmitrij"]
[Result "1/2-1/2"]
[WhiteElo "2477"]
[BlackElo "2633"]
[PlyCount "39"]
[EventDate "2023.10.11"]
[EventType "team-tourn"]
[EventRounds "7"]
[EventCountry "CRO"]
[SourceTitle "Mega2024 Update 01"]
[Source "Chessbase"]
[SourceDate "2023.11.12"]
[SourceVersion "1"]
[SourceVersionDate "2023.11.12"]
[SourceQuality "1"]
[WhiteTeam "Bibinje Goran"]
[BlackTeam "Split Mornar"]
[WhiteTeamCountry "CRO"]
[BlackTeamCountry "CRO"]

1. d4 d5 2. c4 e6 3. Nc3 Nf6 4. cxd5 exd5 5. Bg5 Bb4 6. e3 h6 7. Bxf6 Qxf6 8. Qb3 Qd6 9. a3 Bxc3+ 10. Qxc3 Bf5 11. Qb4 Qb6 12. Rc1 c6 13. Nf3 Nd7 14. Be2 Qc7 15. 0-0 a5 16. Qc3 0-0 17. b4 axb4 18. axb4 Ra2 19. Bd3 Bxd3 20. Qxd3 1/2-1/2